Countries of Europe on an upside down map - Statistics

General Stats
  • This quiz has been taken 96 times
  • The average score is 31 of 45
Answers on the Map
Answers color-coded by a green-red scale on the quiz's map according to % correct below.
 
Answer Stats
Answer % Correct
Albania
76%
Andorra
75%
Greece
75%
Italy
75%
Poland
75%
Denmark
73%
Germany
73%
Spain
73%
Ukraine
73%
France
72%
Malta
72%
Russia
72%
San Marino
72%
Austria
71%
Estonia
71%
Netherlands
71%
Romania
71%
Serbia
71%
Sweden
71%
Belarus
69%
Bulgaria
69%
Czechia
69%
Ireland
69%
Monaco
69%
Slovakia
69%
Switzerland
69%
Finland
68%
Iceland
68%
Lithuania
68%
Luxembourg
68%
Norway
68%
Portugal
68%
United Kingdom
68%
Belgium
67%
Bosnia and Herzegovina
67%
Croatia
67%
Latvia
67%
Moldova
67%
Hungary
65%
Liechtenstein
65%
North Macedonia
65%
Slovenia
65%
Vatican City
65%
Montenegro
64%
Kosovo
63%
No matching quizzes found
Score Distribution
Percent of People with Each Score
Percentile by Number Answered
Your Score History
You have not taken this quiz